| 000 | 00936na a2200265 4500 | ||
|---|---|---|---|
| 001 | 15832 | ||
| 003 | MIRAKIL | ||
| 005 | 20181213155047.0 | ||
| 008 | 161117b tu 000 0 | ||
| 035 | _a15832 | ||
| 040 |
_aMilas _btur _cTR-AnCHP |
||
| 082 |
_a323.34 _bK22 [2011?] |
||
| 090 | _a323.34 K22 [2011?] | ||
| 245 |
_aKadınların yasal hakları _b"Şiddeti durdurmak için haklarımızı öğrenelim." _cYayına hazırlayanlar Şenal Sarıhan, Meral Özaygen |
||
| 246 | _a"Şiddeti durdurmak için haklarımızı öğrenelim." | ||
| 246 | _aŞiddeti durdurmak için haklarımızı öğrenelim | ||
| 260 |
_aAnkara _bCumhuriyet Kadınları Derneği _c[2011?] |
||
| 300 |
_a70 s. _c15 sm. |
||
| 650 |
_aKadınlar _xSiyasal haklar _zTürkiye |
||
| 650 |
_aKadın hakları _zTürkiye |
||
| 650 |
_aKadınlar _xHak ve özgürlükler _zTürkiye |
||
| 700 | _aSarıhan, Şenal | ||
| 700 | _aÖzaygen, Meral | ||
| 942 |
_2ddc _cBKS |
||
| 999 |
_c5788 _d5788 |
||